Prénoms des 50 meilleurs golfeurs en 2023 - Statistiques

Statistiques générales
  • Ce quiz a été pris 501 fois
  • Le résultat moyen est 28 sur 50
Statistiques - réponses
Hint Réponse % Correct
McIlroy Rory
96%
Rahm Jon
90%
Spieth Jordan
87%
Scheffler Scottie
87%
Kim Tom
85%
Hoge Tom
85%
Thomas Justin
82%
Rose Justin
82%
Cantlay Patrick
82%
Schauffele Xander
80%
Finau Tony
79%
Homa Max
77%
Fleetwood Tommy
77%
Fitzpatrick Matt
76%
Hovland Viktor
75%
Day Jason
74%
Koepka Brooks
72%
Zalatoris Will
68%
Smith Cameron
67%
Young Cameron
67%
Fowler Rickie
67%
Morikawa Collin
66%
Burns Sam
65%
Lowry Shane
63%
Scott Adam
61%
Schenk Adam
61%
Horschel Billy
51%
Harman Brian
51%
Matsuyama Hideki
48%
Bradley Keegan
46%
Straka Sepp
45%
Hatton Tyrrell
41%
Fox Ryan
38%
Clark Wyndham
38%
Grillo Emiliano
36%
Meronk Adrian
35%
English Harris
34%
Lee Min Woo
34%
Kitayama Kurt
33%
Henley Russell
31%
Conners Corey
29%
Niemann Joaquin
29%
Taylor Nick
29%
Kirk Chris
28%
Im Sungjae
28%
Theegala Sahith
23%
Power Seamus
19%
Moore Taylor
16%
McCarthy Denny
13%
Kim Si Woo
13%
Aucun quiz correspondant
Distribution des résultats
% des personnes avec chaque résultat
Percentile par nombre de réponses
Votre historique - résultats
Vous n’avez pas pris ce quiz